000 00528cam a22001931 4500
001 sa 65005192
003 DLC
005 20260227112136.0
008 790910s1962 vm 000 0 fre
010 _asa 65005192
035 _a(OCoLC)5357828
040 _aDLC
_cNIC
_dNIC
_dDLC
042 _apremarc
050 0 0 _aDS557.A7
_bG7
245 0 3 _aLe Grand vent.
260 _aHanoi,
_bÉditions en langues étrangères,
_c1962.
300 _a127 p.
_billus.
_c19 cm.
651 0 _aVietnam (Democratic Republic)
_xSocial conditions.
999 _c64177
_d64177